| 000 | 00698nam a2200205 i 4500 | ||
|---|---|---|---|
| 001 | 38408 | ||
| 003 | ES-MaACL | ||
| 005 | 20250513063018.0 | ||
| 007 | t| | ||
| 008 | 030225s1864 sp |||| | spa d | ||
| 100 | 1 |
_aCalderón de la Barca, Pedro, _d1600-1681 _eaut _9239594 |
|
| 245 | 1 | 3 |
_aEl alcalde de Zalamea _b: comedia en tres actos y en verso / _cPedro Calderón de la Barca ; refundida por Adelardo López de Ayala. |
| 260 |
_aMadrid : _b[s.n.], _c1864 ( _fImp. de José Rodriguez) |
||
| 300 |
_a83 p. ; _c20 cm. |
||
| 650 | 1 | 4 |
_a _9239530 |
| 700 | 1 |
_aLópez de Ayala, Adelardo, _d1828-1879 _9139648 |
|
| 852 |
_aES-MaACL _jT-366-F-13 |
||
| 942 | _2udc | ||
| 999 |
_c38408 _d38408 |
||